Transnational Death (Record no. 54354)
[ view plain ]
| 000 -LEADER | |
|---|---|
| fixed length control field | 02303nam a2200277Ia 4500 |
| 000 - LEADER | |
| fixed length control field | 03113naaa 00457uu |
| 001 - CONTROL NUMBER | |
| control field | https://directory.doabooks.org/handle/20.500.12854/32618 |
| 008 - FIXED-LENGTH DATA ELEMENTS--GENERAL INFORMATION | |
| fixed length control field | 211013s9999 xx 000 0 und d |
| 020 ## - INTERNATIONAL STANDARD BOOK NUMBER | |
| International Standard Book Number | 9789518581348 |
| 024 ## - OTHER STANDARD IDENTIFIER | |
| Standard number or code | 10.21435/sfe.17 |
| 042 ## - AUTHENTICATION CODE | |
| Authentication code | dc |
| 245 #0 - TITLE STATEMENT | |
| Title | Transnational Death |
| 260 ## - PUBLICATION, DISTRIBUTION, ETC. | |
| Place of publication, distribution, etc. | Helsinki |
| Name of publisher, distributor, etc. | Finnish Literature Society / SKS |
| Date of publication, distribution, etc. | 2019 |
| 300 ## - PHYSICAL DESCRIPTION | |
| Extent | 1 electronic resource (223 p.) |
| 520 ## - SUMMARY, ETC. | |
| Summary, etc. | With so much of the global population living on the move, away from their homelands, and in diasporic communities, death and mourning practices are inevitably impacted. Transnational Death brings together eleven cutting-edge articles from the emerging field of transnational death studies. By highlighting European, Asian, North American, and Middle Eastern perspectives, the collection provides timely and fresh analysis and reflection on people's changing experiences with death in the context of migration over time. First beginning with a thematic assessment of the field of transnational death studies, readers then have the opportunity to delve into case studies that examine experiences with death and mourning at a distance from the viewpoints of Family, Community, and Commemoration. The chapters highlight complicated issues confronting migrants, their families, and communities, including: negotiations of burial preferences and challenges of corpse repatriation; the financial costs of providing end-of-life care, travel at times of death, and arranging culturally appropriate funerals and religious services; as well as the emotional and sociocultural weight of mourning and commemoration from afar. Overall, Transnational Death provides new insights on identity and belonging, community reciprocity, transnational communication, and spaces of mourning and commemoration. |
| 540 ## - TERMS GOVERNING USE AND REPRODUCTION NOTE | |
| Terms governing use and reproduction | Creative Commons |
| 653 ## - INDEX TERM--UNCONTROLLED | |
| Uncontrolled term | Family |
| 700 1# - ADDED ENTRY--PERSONAL NAME | |
| Personal name | Koskinen-Koivisto, Eerika |
| 700 1# - ADDED ENTRY--PERSONAL NAME | |
| Personal name | Koskinen-Koivisto, Eerika |
| 700 1# - ADDED ENTRY--PERSONAL NAME | |
| Personal name | Saramo, Samira |
| 700 1# - ADDED ENTRY--PERSONAL NAME | |
| Personal name | Saramo, Samira |
| 700 1# - ADDED ENTRY--PERSONAL NAME | |
| Personal name | Snellman, Hanna |
| 856 ## - ELECTRONIC LOCATION AND ACCESS | |
| Uniform Resource Identifier | <a href="https://docs.google.com/spreadsheets/d/1yKIrdCPDAG_9c22mwoOIO2DOhtj65Wqa/edit?usp=sharing&ouid=106555315294820607512&rtpof=true&sd=true ">https://docs.google.com/spreadsheets/d/1yKIrdCPDAG_9c22mwoOIO2DOhtj65Wqa/edit?usp=sharing&ouid=106555315294820607512&rtpof=true&sd=true </a> |
| Link text | List of Curated E-Books |
| 942 ## - ADDED ENTRY ELEMENTS (KOHA) | |
| Koha item type | E-Book |
| Withdrawn status | Source of classification or shelving scheme | Damaged status | Not for loan | Home library | Current library | Date acquired | Total Checkouts | Date last seen | Price effective from | Koha item type |
|---|---|---|---|---|---|---|---|---|---|---|
| Library of Congress Classification | Not For Loan | Directory of Open Access Books | Directory of Open Access Books | 12/22/2021 | 12/22/2021 | 12/22/2021 | E-Book |